000 00735nam a22001815i 4500
001 161505
003 ES-MaACL
005 20230906212312.0
008 961002s1890 fr |||| | fre d
040 _aCLM
_bspa
_cCLM
100 1 _aPassy, Paul (
_d1859-1940)
_9130887
245 1 0 _aÉtude sur les changements phonétiques et leurs caractères généraux
_b: thèse pour le doctorat, présentée à la Faculté des lettres de Paris /
_cpar Paul Passy.
260 _aParis :
_bFirmin-Didot,
_c1890 (
_fImp. Vve Lievens & Fils)
300 _a270 p. ;
_c22 cm.
500 1 _aTesis-Facult des Lettres de Paris.
650 4 _aLengua francesa-
_xFonética.
_9141023
852 _aES-MaACL
_jD-4119
_z-- Enc. hol. conservando la cub. original
999 _c161505
_d161505